Normal view MARC view
  • Genetics

Entry Uniform Title

Number of records used in: 5

001 - CONTROL NUMBER

  • control field: 5400

003 - CONTROL NUMBER IDENTIFIER

  • control field: NUST

005 - DATE AND TIME OF LATEST TRANSACTION

  • control field: 20171012131752.0

008 - FIXED-LENGTH DATA ELEMENTS

  • fixed length control field: 171012|| aca||aabn | a|a d

040 ## - CATALOGING SOURCE

  • Original cataloging agency: NUST
  • Transcribing agency: NUST

130 ## - HEADING--UNIFORM TITLE

  • Uniform title: Genetics

670 ## - SOURCE DATA FOUND

  • Source citation: Work cat.: (NUST): Thomas Horn 5399, Forbidden gates : how genetics, robotics, artificial intelligence, synthetic biology, nanotechnology, and human enhancement herald the dawn of techno-dimensional spiritual warfare, c2010.
© 2023 Central Library, National University of Sciences and Technology. All Rights Reserved.